| 000 | 00496ntaaa2200181 4500 | ||
|---|---|---|---|
| 003 | 01 | ||
| 005 | 20251027201943.0 | ||
| 008 | 0714s1973 ag 01 | ||
| 040 |
_aAR-BaBN _bspa _cAR-BaBN _eaacr _dRIC |
||
| 082 | _a248.0000 G69 | ||
| 100 |
_aGossip, Arthur John _918133 |
||
| 245 | _aHero in thy soul, being and attempt to face life gallantly. | ||
| 250 |
_a1 ed. : _bC. Scribner's Sons, _cc/930 |
||
| 300 | _ax, 267 p. | ||
| 650 |
_aSermones _9362 |
||
| 650 |
_aVida Espiritual _9658 |
||
| 942 | _cBK | ||
| 999 |
_c14284 _d14284 |
||